1471 1140 1446 1803 1663 1266 1088 1624 1726 1328 1436 1930 1545 1734 1198 1463 1180 1272 1500 1822 1047 1969 1020 1224 1810 1036 1935 1987 1788 1360 1546 1656 1427 1352 1001 1089 1261 1185 1651 1028 1962 1707 1031 1375 1414 1806 1559 1687 1388 1914 1212 1440 1061 1756 1035 1172 1849 1893 1573 1699 1003 1947 1966 1548 1672 1744 1464 1357 1810 1237 1897 1842 1289 1626 1001 1849 1830 1567 1427 1148 1577 1983 1076 1567 1452 1731 1213 1094 1306 1364 1044 1313 1007 1669 1997 1534 1711 1615 1857 BCNSPRNW ULIB Ver.6.0+V

เปลี่ยนเป็นภาษาไทย

Change to English
 แสดงรายละเอียดบรรณานุกรม
  กลับหน้าหลัก

Brief Record : Get Marc (ISO 2709) : E-mail record : QR code < ปิดหน้าต่าง
LEADER : 00000nam 2200000uu 4500
001    13399108284
003     ULIB
008    110227s2548||||th 000 0 tha d
020    9746444867
060 04 WY20.5^bพ874ห 2548
100 0  เพชรน้อย สิงห์ช่างชัย
245 10 หลักการและการใช้สถิติการวิเคราะห์ตัวแปรหลายตัวสำหรับการวิจัยทางการพยาบาล =^bPrinciples and using multivariate statistics analysis for nursing research /^cเพชรน้อย สิงห์ช่างชัย
246 31 Principles and using multivariate statistics analysis fornursing research
250    พิมพ์ครั้งที่ 2
260    สงขลา :^bชานเมืองการพิมพ์,^c2548
300    ก-ณ, 301 หน้า :^bภาพประกอบ ;^c26 ซม.
650  7 การพยาบาล^xวิจัย
650  7 การวิเคราะห์ตัวแปรพหุ
650  7 สถิติ
995    เกษร
999    ^aใช้งานได้ทุกระบบ
รายการนี้ยังไม่มีแท็ก
คุณยังไม่ได้ล็อกอิน คุณสามารถมีกิจกรรมร่วมกับเว็บไซต์ได้ แต่ต้องล็อกอินก่อน ::
  ล็อกอิน

รายการสื่อสารสนเทศ

ลำดับที่ ประเภท เลขเรียก/บาร์โค้ด สถานที่ สถานะ
- ไม่พบข้อมูล -

รายการใกล้เคียง
    ผู้แต่ง [เพชรน้อย สิงห์ช่างชัย]

    หัวเรื่อง [การวิเคราะห์ตัวแปรพหุ]
    หัวเรื่อง [สถิติ]

BibComment


ยังไม่เคยถูกคอมเมนท์

คอมเมนท์ทรัพยากรรายการนี้
  คอมเมนท์: หลักการและการใช้ส..


 Copyright 2026. Bcnsprnw @Library